• 首页
  • 本馆介绍
  • 公告通知
  • 最新文献
  • 馆藏检索
  • 电子资源
  • 读者导购
  • 参考咨询
  • 我的图书馆
  • 登录
  • 详细信息显示
  • 放入我的书架
  • 预约/预借图书
  • 作者相关作品
  • 分类相关作品
  • 丛书相关作品
  • 出版社相关作品

书目信息

  • 表格格式
  • 工作单格式
  • 卡片格式
题名:
宋词中的大宋
    
 
作者: 侯磊 著
分册:  
出版信息: 北京   石油工业出版社  2019.5
页数: 296页
开本: 23cm
丛书名:
单 册:
中图分类: I222.844 , K244.09
科图分类:
主题词: 宋词--song ci--诗歌欣赏 , 中国历史--zhong guo li shi--宋代--通俗读物
电子资源:
ISBN: 978-7-5183-2856-7
000 01161nam0 2200253 450
001 2151077319
005 20211018173724.0
010    @a978-7-5183-2856-7@dCNY49.80
100    @a20190510d2019 em y0chiy0110 ea
101 0  @achi
102    @aCN@b110000
105    @aa z 000yy
106    @ar
200 1  @a宋词中的大宋@Asong ci zhong de da song@f侯磊著
210    @a北京@c石油工业出版社@d2019.5
215    @a296页@c图@d23cm
330    @a本书选取了一百首最为优美,最有代表性的宋词,讲述了每一首宋词背后的故事,通过这首词写到的历史事件与社会生活,来反映了整个宋朝的博大与风雅。书中的每一篇不是普通的诗词赏析和内容介绍,而是一篇篇精致的文史随笔,讲述了宋代的方方面面。如宋代的发展历程、宋代城市与宫廷,宋代人的日常生活,文娱生活,女性生活等中的细节,以及宋朝的爱情故事,宋朝人的思维方式、人文情怀与精神世界等。作者以宋词为切入点,构造出整个风雅如画的大宋国朝,表现了历史的变迁,以及传统文化中的精髓之处。
606 0  @a宋词@Asong ci@x诗歌欣赏
606 0  @a中国历史@Azhong guo li shi@z宋代@j通俗读物
690    @aI222.844@v5
690    @aK244.09@v5
701  0 @a侯磊@Ahou lei@4著
801  0 @aCN@b百万庄@c20211016
905    @b1308980-83@dI222.844@e799@f4
    
    宋词中的大宋/侯磊著.-北京:石油工业出版社,2019.5
    296页:图;23cm
    
    
    ISBN 978-7-5183-2856-7:CNY49.80
    本书选取了一百首最为优美,最有代表性的宋词,讲述了每一首宋词背后的故事,通过这首词写到的历史事件与社会生活,来反映了整个宋朝的博大与风雅。书中的每一篇不是普通的诗词赏析和内容介绍,而是一篇篇精致的文史随笔,讲述了宋代的方方面面。如宋代的发展历程、宋代城市与宫廷,宋代人的日常生活,文娱生活,女性生活等中的细节,以及宋朝的爱情故事,宋朝人的思维方式、人文情怀与精神世界等。作者以宋词为切入点,构造出整个风雅如画的大宋国朝,表现了历史的变迁,以及传统文化中的精髓之处。
●
相关链接 在E读中查询图书 在五车中查询图书 在当当中查询图书 在豆瓣中查询图书


正题名:宋词中的大宋     索取号:I222.844/799         预约/预借

序号 登录号 条形码 馆藏地/架位号 状态 备注
1 1308980   213089806   第一样本阅览室/ [索取号:I222.844/799] 在馆    
2 1308981   213089815   第二借阅区/ [索取号:I222.844/799] 在馆    
3 1308982   213089824   第二借阅区/ [索取号:I222.844/799] 在馆    
4 1308983   213089833   第二借阅区/ [索取号:I222.844/799] 在馆    
唐山师范学院图书馆 欢迎您!
大连网信软件有限公司© 版权所有